[Event "Pan American-ch U16 Girls"]
[Site "Santiago de Chile"]
[Date "2018.07.23"]
[Round "3"]
[White "Pilnik Aranda, Karla Constanza"]
[Black "Tao, Ellen"]
[Result "0-1"]
[WhiteElo "1380"]
[BlackElo "1561"]
[PlyCount "72"]
[EventDate "2018.07.22"]
[EventType "swiss"]
[EventRounds "9"]
[EventCountry "CHI"]
[SourceTitle "EXT 2022"]
[Source "ChessBase"]
[SourceDate "2021.10.06"]
[SourceVersion "1"]
[SourceVersionDate "2021.10.06"]
[SourceQuality "1"]

1. e4 c5 2. Nf3 Nc6 3. d4 cxd4 4. Nxd4 Qb6 5. Nb3 Nf6 6. Nc3 e6 7. Be3 Qc7 8. Be2 Bb4 9. Bd3 Bxc3+ 10. bxc3 0-0 11. 0-0 a6 12. Nd4 b5 13. Qe2 Bb7 14. f3 d5 15. Nxc6 Bxc6 16. exd5 Nxd5 17. Bd2 Rfd8 18. c4 bxc4 19. Bxc4 Ba4 20. Bb3 Bc6 21. Rfe1 Nb6 22. Be3 Nd5 23. Bf2 Nc3 24. Qe3 Bb7 25. Bg3 Qc6 26. Be5 Nd5 27. Qf2 f6 28. Bb2 Kh8 29. Re4 a5 30. Rae1 e5 31. Ba4 Qc7 32. Qh4 Qb6+ 33. Kh1 Qxb2 34. Rg4 Nf4 35. Bb3 Bd5 36. c4 Be6 0-1

[Event "Pan American-ch U16 Girls"]
[Site "Santiago de Chile"]
[Date "2018.07.23"]
[Round "2"]
[White "Tao, Ellen"]
[Black "Lemus Pena, Macarena"]
[Result "0-1"]
[WhiteElo "1561"]
[BlackElo "1767"]
[PlyCount "86"]
[EventDate "2018.07.22"]
[EventType "swiss"]
[EventRounds "9"]
[EventCountry "CHI"]
[SourceTitle "EXT 2022"]
[Source "ChessBase"]
[SourceDate "2021.10.06"]
[SourceVersion "1"]
[SourceVersionDate "2021.10.06"]
[SourceQuality "1"]

1. e4 c5 2. Nf3 d6 3. d4 cxd4 4. Qxd4 Nc6 5. Bb5 Bd7 6. Bxc6 Bxc6 7. Nc3 Nf6 8. Bg5 e6 9. Qd3 Be7 10. h3 Qb6 11. 0-0-0 Rc8 12. Nd4 Nxe4 13. Bxe7 Nxf2 14. Qg3 Nxd1 15. Rxd1 Kxe7 16. Nf5+ exf5 17. Qxd6+ Ke8 18. Re1+ Be4 19. Nxe4 Qxd6 20. Nxd6+ Kd7 21. Nxc8 Rxc8 22. Kd2 Rc6 23. Re3 Rb6 24. Rd3+ Rd6 25. Ke3 Rxd3+ 26. Kxd3 g5 27. Kd4 Kd6 28. c4 f6 29. b4 h5 30. a4 b6 31. g3 Kc6 32. b5+ Kd6 33. Ke3 Kc5 34. Kd3 Kb4 35. Kd4 Kxa4 36. Kd3 Kb4 37. Kd4 f4 38. gxf4 g4 39. hxg4 hxg4 40. f5 g3 41. Ke3 Kxc4 42. Kf3 Kxb5 43. Kxg3 a5 0-1

[Event "Wch U16 Girls"]
[Site "Montevideo"]
[Date "2017.09.20"]
[Round "5"]
[White "Cayon, Laura Valentina"]
[Black "Tao, Ellen"]
[Result "1-0"]
[WhiteElo "1715"]
[BlackElo "1561"]
[PlyCount "103"]
[EventDate "2017.09.17"]
[EventType "swiss"]
[EventRounds "11"]
[EventCountry "URU"]
[SourceTitle "CBM 180 Extra"]
[Source "ChessBase"]
[SourceDate "2017.10.06"]
[SourceVersion "1"]
[SourceVersionDate "2017.10.06"]
[SourceQuality "1"]

1. c4 e5 2. Nc3 Bb4 3. Qc2 Nc6 4. Nf3 d6 5. d3 f5 6. g3 Nf6 7. Bd2 Bxc3 8. Bxc3 0-0 9. Bg2 h6 10. 0-0 Be6 11. b4 Rb8 12. e3 Qe8 13. Nd2 Qh5 14. d4 exd4 15. exd4 Bd7 16. Rae1 f4 17. Qd1 Bg4 18. Bf3 fxg3 19. fxg3 Bxf3 20. Nxf3 Ng4 21. Nh4 Nf6 22. Rxf6 Qxd1 23. Rxf8+ Rxf8 24. Rxd1 g5 25. Ng2 Rf3 26. Rc1 Ne7 27. Bb2 Rd3 28. Ne1 Re3 29. Kf2 Re6 30. Nd3 d5 31. c5 Re4 32. Re1 Rxe1 33. Kxe1 Kg7 34. b5 Kg6 35. g4 Kf6 36. a4 c6 37. Ne5 Ke6 38. Kf2 a6 39. bxa6 bxa6 40. Kg3 Kf6 41. Nd7+ Kg6 42. Nb8 h5 43. Nxa6 h4+ 44. Kf3 Nc8 45. Nb8 Na7 46. Bc3 Kf7 47. Ba5 Ke7 48. Bb6 Nc8 49. Nxc6+ Ke8 50. a5 Nxb6 51. cxb6 Kd7 52. b7 1-0

[Event "CAN-ch U20"]
[Site "Mississauga"]
[Date "2017.08.09"]
[Round "1"]
[White "Noorali, Aahil"]
[Black "Tao, Ellen"]
[Result "1-0"]
[WhiteElo "1793"]
[BlackElo "1601"]
[PlyCount "79"]
[EventDate "2017.08.09"]
[EventType "swiss"]
[EventRounds "9"]
[EventCountry "CAN"]
[SourceTitle "CBM 180 Extra"]
[Source "ChessBase"]
[SourceDate "2017.10.06"]
[SourceVersion "1"]
[SourceVersionDate "2017.10.06"]
[SourceQuality "1"]

1. d4 Nf6 2. c4 e6 3. Nc3 Bb4 4. e3 Bxc3+ 5. bxc3 0-0 6. Bd3 d6 7. Ne2 Nbd7 8. 0-0 c5 9. e4 e5 10. d5 Re8 11. Qc2 Nh5 12. Ng3 Nxg3 13. hxg3 f6 14. f4 Qe7 15. f5 g5 16. Kf2 Kg7 17. Rh1 Rh8 18. Qe2 Kf8 19. Rh6 Qg7 20. Qh5 Ke7 21. Be3 Nf8 22. Rh1 Bd7 23. Qd1 Be8 24. Bc2 Qf7 25. Ba4 Bxa4 26. Qxa4 Qe8 27. Qd1 Rb8 28. Qg4 Qf7 29. Rxf6 Qg7 30. Bxg5 Kd7 31. Qh5 Ng6 32. fxg6 hxg6 33. Qg4+ Kc7 34. Rxh8 Rxh8 35. Qe6 Kb8 36. Qxd6+ Ka8 37. Rxg6 Qf7+ 38. Qf6 Qe8 39. Qe6 Rf8+ 40. Rf6 1-0

[Event "CAN-ch U16U18 Girls"]
[Site "Sault Ste Marie"]
[Date "2017.07.06"]
[Round "2.24"]
[White "Tao, Ellen"]
[Black "Botez, Andrea"]
[Result "1-0"]
[WhiteElo "1490"]
[BlackElo "1887"]
[PlyCount "79"]
[EventDate "2017.07.06"]
[EventType "swiss"]
[EventRounds "7"]
[EventCountry "CAN"]
[SourceTitle "EXT 2022"]
[Source "ChessBase"]
[SourceDate "2021.10.06"]
[SourceVersion "1"]
[SourceVersionDate "2021.10.06"]
[SourceQuality "1"]

1. e4 d6 2. d4 g6 3. Nd2 Bg7 4. Ngf3 e5 5. c3 Nc6 6. d5 Nce7 7. c4 a5 8. Qc2 f5 9. Bd3 Nf6 10. b3 0-0 11. Bb2 Bd7 12. a4 Bh6 13. h3 Rc8 14. Ba3 Nh5 15. g3 Nf6 16. Qb2 fxe4 17. Nxe4 Nfxd5 18. Nxe5 Bg7 19. Qa2 Bxe5 20. cxd5 Bxa1 21. Qxa1 Nf5 22. Bb2 Rf7 23. 0-0 Ng7 24. Nf6+ Kh8 25. Re1 c6 26. Re4 g5 27. Re1 Qb6 28. Bxh7 Bxh3 29. Bg6 Rff8 30. Re3 Rxf6 31. Bxf6 Kg8 32. Bxg7 cxd5 33. Bd4 Qc6 34. Rc3 Qd7 35. Rxc8+ Qxc8 36. Qe1 Be6 37. Qd1 g4 38. Qd2 Kf8 39. Qh6+ Ke7 40. Qg7+ 1-0

[Event "Windsor NAYCC U14 Girls"]
[Site "Windsor"]
[Date "2016.08.11"]
[Round "8.53"]
[White "Tao, Ellen"]
[Black "Guo, Ingrid"]
[Result "0-1"]
[WhiteElo "1418"]
[BlackElo "1473"]
[PlyCount "106"]
[EventDate "2016.08.07"]
[EventType "swiss"]
[EventRounds "9"]
[EventCountry "CAN"]
[SourceTitle "EXT 2022"]
[Source "ChessBase"]
[SourceDate "2021.10.06"]
[SourceVersion "1"]
[SourceVersionDate "2021.10.06"]
[SourceQuality "1"]

1. e4 c5 2. Nf3 d6 3. d4 cxd4 4. Qxd4 Nc6 5. Bb5 e5 6. Qd3 Nf6 7. c4 Bg4 8. Nc3 Be7 9. 0-0 0-0 10. Bxc6 bxc6 11. b3 Qc7 12. Bb2 Rfd8 13. Qe3 Rd7 14. h3 Bh5 15. g4 Bg6 16. Rac1 Rad8 17. Rfe1 Qb6 18. Qxb6 axb6 19. Re2 h5 20. Nh2 Nh7 21. Nf3 Nf6 22. Nh2 Ra7 23. f3 Nh7 24. Nf1 Ng5 25. Kg2 Ne6 26. Kh2 Nd4 27. Rf2 Bh4 28. Ng3 Bg5 29. Ra1 Bf4 30. Kg2 h4 31. Nge2 Be3 32. Rff1 Nc2 33. Rab1 Bg5 34. Kh1 Ne3 35. Rfe1 d5 36. cxd5 cxd5 37. Nd1 Nc2 38. Rf1 dxe4 39. f4 exf4 40. Nxf4 Bxf4 41. Rxf4 e3 42. Nc3 Re7 43. Rbf1 e2 44. Nxe2 Rxe2 45. Bc1 Rd3 46. R4f2 Rxf2 47. Rxf2 Rd1+ 48. Kg2 Rxc1 49. a4 Be4+ 50. Kh2 Nd4 51. Rf4 Nf3+ 52. Kg2 Ng5+ 53. Kh2 Rh1# 0-1

[Event "Windsor NAYCC U14 Girls"]
[Site "Windsor"]
[Date "2016.08.10"]
[Round "7.51"]
[White "Morris Suzuki, Sophie"]
[Black "Tao, Ellen"]
[Result "1-0"]
[WhiteElo "1787"]
[BlackElo "1418"]
[PlyCount "137"]
[EventDate "2016.08.07"]
[EventType "swiss"]
[EventRounds "9"]
[EventCountry "CAN"]
[SourceTitle "EXT 2022"]
[Source "ChessBase"]
[SourceDate "2021.10.06"]
[SourceVersion "1"]
[SourceVersionDate "2021.10.06"]
[SourceQuality "1"]

1. e4 c5 2. Nf3 Nc6 3. d4 cxd4 4. Nxd4 Qb6 5. Nb3 Nf6 6. Nc3 e6 7. Be3 Qc7 8. Bd3 Bb4 9. 0-0 0-0 10. f4 Bxc3 11. bxc3 d5 12. e5 Ne4 13. Bxe4 dxe4 14. Nd2 f5 15. exf6 Rxf6 16. Nxe4 Rg6 17. Kh1 b6 18. Ng3 Ne7 19. f5 Nxf5 20. Nxf5 Rf6 21. Bf4 Qd7 22. Qxd7 Bxd7 23. Ne3 Rc8 24. Ng4 Rff8 25. Bd6 Rfe8 26. Ne5 Ba4 27. c4 Bxc2 28. Rf2 Ba4 29. Raf1 Rcd8 30. Ba3 h6 31. Rf7 a6 32. Bb2 Rf8 33. Rxf8+ Rxf8 34. Rxf8+ Kxf8 35. Ba3+ Ke8 36. Kg1 Bc2 37. Bb2 g5 38. Kf2 Be4 39. g3 Ke7 40. Ke3 Bb7 41. Ng4 h5 42. Ne5 Ba8 43. Nf3 Bxf3 44. Kxf3 Kd6 45. Bd4 b5 46. cxb5 axb5 47. Be3 g4+ 48. Kf4 Kd5 49. Kg5 Ke4 50. Ba7 Kf3 51. Kxh5 e5 52. Kg5 e4 53. a3 e3 54. Bxe3 Kxe3 55. Kxg4 Kd4 56. h4 Kc3 57. h5 Kb3 58. h6 Kxa3 59. h7 b4 60. h8Q Ka2 61. Qa8+ Kb2 62. Kf5 b3 63. g4 Kc2 64. Qg2+ Kc3 65. g5 b2 66. Qg1 Kc2 67. g6 b1Q 68. Qxb1+ Kxb1 69. g7 1-0

[Event "Windsor NAYCC U14 Girls"]
[Site "Windsor"]
[Date "2016.08.10"]
[Round "6.55"]
[White "Tao, Ellen"]
[Black "Li, Jewel"]
[Result "1-0"]
[WhiteElo "1418"]
[BlackElo "980"]
[PlyCount "63"]
[EventDate "2016.08.07"]
[EventType "swiss"]
[EventRounds "9"]
[EventCountry "CAN"]
[SourceTitle "EXT 2022"]
[Source "ChessBase"]
[SourceDate "2021.10.06"]
[SourceVersion "1"]
[SourceVersionDate "2021.10.06"]
[SourceQuality "1"]

1. e4 e5 2. Nf3 Nc6 3. Bc4 Bc5 4. c3 Nf6 5. d3 0-0 6. 0-0 d5 7. exd5 Nxd5 8. Re1 Re8 9. b4 Bb6 10. Bxd5 Nxb4 11. Bc4 Nc6 12. Be3 a6 13. Bxb6 cxb6 14. Nbd2 b5 15. Bb3 Qxd3 16. Ne4 Qxd1 17. Raxd1 Bg4 18. h3 Bxf3 19. gxf3 Kf8 20. Ng5 h6 21. Nxf7 Re7 22. Nd6 Rd8 23. Ne4 Rb8 24. Nc5 Rc8 25. Rd5 Rcc7 26. Nd3 Rf7 27. Nxe5 Rf5 28. Nd7+ Rxd7 29. Rxf5+ Rf7 30. Rxf7+ Kg8 31. Re8+ Kh7 32. Bc2# 1-0

[Event "CAN-ch U14 Girls"]
[Site "Windsor"]
[Date "2016.07.08"]
[Round "6.44"]
[White "Ouellet, Maili Jade"]
[Black "Tao, Ellen"]
[Result "1-0"]
[WhiteElo "2068"]
[BlackElo "1454"]
[PlyCount "103"]
[EventDate "2016.07.05"]
[EventType "swiss"]
[EventRounds "7"]
[EventCountry "CAN"]
[SourceTitle "EXT 2022"]
[Source "ChessBase"]
[SourceDate "2021.10.06"]
[SourceVersion "1"]
[SourceVersionDate "2021.10.06"]
[SourceQuality "1"]

1. d4 Nf6 2. c4 e6 3. Nc3 Bb4 4. Qc2 0-0 5. Nf3 d6 6. e3 c5 7. dxc5 dxc5 8. Bd3 Bxc3+ 9. Qxc3 Nc6 10. a3 b6 11. 0-0 Bb7 12. Rd1 Qc7 13. b4 cxb4 14. axb4 Ne7 15. Bb2 Ng6 16. Rd2 Rfd8 17. Rad1 Rac8 18. Qc2 Ng4 19. Bxg6 hxg6 20. Qc3 Nf6 21. Ne5 Rxd2 22. Qxd2 Qe7 23. f3 Ne8 24. b5 Kh7 25. Qc3 Qf6 26. Rd4 Kg8 27. Rf4 Qd8 28. Rxf7 Rc7 29. Rf4 Nf6 30. Rd4 Qe8 31. Qd3 Rc8 32. Nxg6 Kf7 33. Ne5+ Kg8 34. Qa3 Qf8 35. Qxa7 Qb4 36. Nd3 Qd2 37. Qxb7 Qxe3+ 38. Kh1 Rf8 39. h3 Nh5 40. Rg4 Rf7 41. Qa8+ Rf8 42. Qe4 Qxe4 43. fxe4 Rf1+ 44. Kh2 Rd1 45. Nf4 Nxf4 46. Rxf4 Rd2 47. Ba3 Rd4 48. c5 bxc5 49. Bxc5 Rc4 50. Rf8+ Kh7 51. Rc8 Rxe4 52. b6 1-0

[Event "Toronto NAYCC U12 Girls"]
[Site "Toronto"]
[Date "2013.08.18"]
[Round "8"]
[White "Tao, Ellen"]
[Black "Gillan, Rahma"]
[Result "1/2-1/2"]
[WhiteElo "1196"]
[BlackElo "1150"]
[PlyCount "35"]
[EventDate "2013.08.14"]
[EventType "swiss"]
[EventRounds "9"]
[EventCountry "CAN"]
[SourceTitle "EXT 2022"]
[Source "ChessBase"]
[SourceDate "2021.10.06"]
[SourceVersion "1"]
[SourceVersionDate "2021.10.06"]
[SourceQuality "1"]

1. e4 e5 2. Nf3 Nc6 3. Bc4 Bc5 4. 0-0 Nf6 5. d3 h6 6. Be3 Bb6 7. Nc3 d6 8. h3 Be6 9. Bb3 0-0 10. d4 exd4 11. Nxd4 Qd7 12. Nxc6 Bxe3 13. fxe3 Qxc6 14. Qf3 Bxb3 15. cxb3 Rae8 16. Rac1 Qd7 17. Rfe1 c6 18. Rcd1 1/2-1/2

[Event "Toronto NAYCC U12 Girls"]
[Site "Toronto"]
[Date "2013.08.16"]
[Round "5"]
[White "Robles Ortiz, Christina"]
[Black "Tao, Ellen"]
[Result "0-1"]
[WhiteElo "1526"]
[BlackElo "1198"]
[PlyCount "74"]
[EventDate "2013.08.14"]
[EventType "swiss"]
[EventRounds "9"]
[EventCountry "CAN"]
[SourceTitle "EXT 2022"]
[Source "ChessBase"]
[SourceDate "2021.10.06"]
[SourceVersion "1"]
[SourceVersionDate "2021.10.06"]
[SourceQuality "1"]

1. e4 e5 2. Nf3 Nc6 3. Bb5 a6 4. Ba4 Nf6 5. Nc3 Be7 6. a3 0-0 7. 0-0 d6 8. h3 Be6 9. d3 h6 10. Be3 b5 11. Bb3 Bxb3 12. cxb3 d5 13. exd5 Nxd5 14. Ne4 f5 15. Nc3 Nxc3 16. bxc3 f4 17. Bc1 Bh4 18. Qe1 Bf6 19. Qe4 Qd6 20. a4 Qd7 21. Rd1 Rad8 22. axb5 axb5 23. Ba3 Rfe8 24. Qg6 Qf7 25. Qe4 Qd5 26. Qxd5+ Rxd5 27. Nh2 Red8 28. Bb2 Rxd3 29. Rxd3 Rxd3 30. Ra8+ Kf7 31. Rc8 Bd8 32. Ng4 Ke6 33. Ra8 Rd2 34. Bc1 Rd1+ 35. Kh2 Rxc1 36. f3 Bh4 37. Ra6 Bg3# 0-1

[Event "Toronto NAYCC U12 Girls"]
[Site "Toronto"]
[Date "2013.08.15"]
[Round "2"]
[White "Tao, Ellen"]
[Black "Edouard, Marie Erline"]
[Result "1-0"]
[WhiteElo "1198"]
[BlackElo "988"]
[PlyCount "89"]
[EventDate "2013.08.14"]
[EventType "swiss"]
[EventRounds "9"]
[EventCountry "CAN"]
[SourceTitle "EXT 2022"]
[Source "ChessBase"]
[SourceDate "2021.10.06"]
[SourceVersion "1"]
[SourceVersionDate "2021.10.06"]
[SourceQuality "1"]

1. e4 e5 2. Nf3 Nc6 3. Bc4 Nf6 4. Ng5 d5 5. exd5 Nxd5 6. Nxf7 Kxf7 7. Qf3+ Ke8 8. Bxd5 Qd7 9. Bxc6 bxc6 10. Qh5+ g6 11. Qxe5+ Kd8 12. Qxh8 Qe6+ 13. Kd1 Ba6 14. Qxf8+ Kd7 15. Qg7+ Kd8 16. Qd4+ Kc8 17. Re1 c5 18. Rxe6 cxd4 19. Rxa6 Kb7 20. Re6 Rf8 21. Ke2 Rf4 22. d3 Rf8 23. Re7 h5 24. Rg7 Rf6 25. Bg5 Re6+ 26. Kf1 Rc6 27. Bf4 Rxc2 28. Na3 Rxb2 29. Rb1 Rxb1+ 30. Nxb1 Kb6 31. Rxc7 g5 32. Be5 a5 33. Rc4 g4 34. Rxd4 Kc5 35. Ra4 Kb5 36. Rc4 a4 37. Na3+ Kb6 38. d4 Ka5 39. d5 g3 40. fxg3 Kb6 41. d6 Kb7 42. d7 Kb6 43. d8Q+ Ka6 44. Rb4 Ka7 45. Qa5# 1-0

[Event "CAN-ch U12 Girls"]
[Site "Ottawa"]
[Date "2013.07.12"]
[Round "6"]
[White "Zhu, Jiarong"]
[Black "Tao, Ellen"]
[Result "1-0"]
[WhiteElo "1217"]
[BlackElo "1099"]
[PlyCount "111"]
[EventDate "2013.07.10"]
[EventType "swiss"]
[EventRounds "6"]
[EventCountry "CAN"]
[SourceTitle "EXT 2022"]
[Source "ChessBase"]
[SourceDate "2021.10.06"]
[SourceVersion "1"]
[SourceVersionDate "2021.10.06"]
[SourceQuality "1"]

1. e4 e5 2. Nf3 Nc6 3. Bb5 a6 4. Bxc6 dxc6 5. h3 Nf6 6. 0-0 Bd6 7. Nc3 0-0 8. d4 Bb4 9. dxe5 Qxd1 10. Rxd1 Bxc3 11. bxc3 Nxe4 12. Rd3 Bf5 13. Re3 Nc5 14. Ba3 b6 15. Nd4 Bd7 16. Rd1 Rfd8 17. Nb3 Be6 18. Rxd8+ Rxd8 19. Bxc5 Bxb3 20. Bxb6 cxb6 21. axb3 Rd2 22. Rd3 Rxd3 23. cxd3 Kf8 24. f4 Ke7 25. Kf2 a5 26. Ke2 Ke6 27. Ke3 Kd5 28. d4 b5 29. Kd3 Ke6 30. g4 g6 31. h4 h5 32. gxh5 gxh5 33. Ke4 a4 34. f5+ Ke7 35. bxa4 bxa4 36. Kd3 Kd7 37. Kc4 a3 38. Kb3 a2 39. Kxa2 Ke7 40. Kb3 f6 41. Kc4 fxe5 42. dxe5 Kd7 43. Kc5 Ke7 44. Kxc6 Kf7 45. Kd6 Ke8 46. e6 Kd8 47. e7+ Ke8 48. f6 Kf7 49. Kd7 Kxf6 50. e8Q Kf5 51. Kd6 Kg4 52. Qg6+ Kxh4 53. Ke5 Kh3 54. Kf4 h4 55. Kf3 Kh2 56. Qg2# 1-0

[Event "CAN-ch U12 Girls"]
[Site "Ottawa"]
[Date "2013.07.10"]
[Round "1"]
[White "Tao, Ellen"]
[Black "Zhou, Lily"]
[Result "0-1"]
[WhiteElo "1099"]
[BlackElo "1683"]
[PlyCount "78"]
[EventDate "2013.07.10"]
[EventType "swiss"]
[EventRounds "6"]
[EventCountry "CAN"]
[SourceTitle "EXT 2022"]
[Source "ChessBase"]
[SourceDate "2021.10.06"]
[SourceVersion "1"]
[SourceVersionDate "2021.10.06"]
[SourceQuality "1"]

1. e4 c5 2. Nf3 Nc6 3. d4 cxd4 4. Nxd4 g6 5. Nc3 Bg7 6. Be3 Nf6 7. Nxc6 bxc6 8. Bc4 d6 9. h3 0-0 10. f3 Bd7 11. Qd2 Re8 12. 0-0-0 Qa5 13. Bh6 Bh8 14. Qg5 Qxg5+ 15. Bxg5 Rab8 16. Bb3 c5 17. f4 Bc6 18. Rde1 Nd7 19. Rhf1 Nb6 20. g4 c4 21. f5 cxb3 22. axb3 a5 23. h4 a4 24. bxa4 Nxa4 25. Nxa4 Bxa4 26. b3 Bb5 27. Rf3 Ra8 28. Kd2 Ra2 29. h5 Rc8 30. Rc1 Bb2 31. Rb1 Ba3 32. hxg6 Raxc2+ 33. Ke1 Bb4+ 34. Bd2 Bxd2+ 35. Kd1 Bb4 36. Rc3 R8xc3 37. gxh7+ Kxh7 38. Ke1 Rc8+ 39. Kd1 Be2# 0-1

[Event "CAN-ch U10 Girls"]
[Site "Vancouver"]
[Date "2012.07.06"]
[Round "7"]
[White "Nguyen, Duy Thien An"]
[Black "Tao, Ellen"]
[Result "1-0"]
[WhiteElo "1235"]
[BlackElo "748"]
[PlyCount "130"]
[EventDate "2012.07.03"]
[EventType "swiss"]
[EventRounds "7"]
[EventCountry "CAN"]
[SourceTitle "EXT 2022"]
[Source "ChessBase"]
[SourceDate "2021.10.06"]
[SourceVersion "1"]
[SourceVersionDate "2021.10.06"]
[SourceQuality "1"]

1. e4 e5 2. Nf3 Nc6 3. Bb5 d6 4. h3 Bd7 5. 0-0 Nf6 6. Re1 Be7 7. c3 a6 8. Ba4 b5 9. Bc2 0-0 10. d3 h6 11. Nbd2 Re8 12. Nf1 Be6 13. Ng3 a5 14. b3 b4 15. c4 Nd4 16. Nxd4 exd4 17. Ne2 c5 18. Nf4 Qc8 19. Nxe6 Qxe6 20. Bd2 Bf8 21. a3 Qd7 22. Qf3 Rad8 23. Bxh6 gxh6 24. Qxf6 Qe6 25. Qh4 Be7 26. Qh5 Qg6 27. Bd1 Qxh5 28. Bxh5 Rb8 29. a4 Bf6 30. Re2 Rbd8 31. Rae1 Re7 32. g3 Rde8 33. f4 Bg7 34. Bf3 f6 35. g4 Kh7 36. h4 Bf8 37. Kh2 Kg7 38. Rg1 Kh7 39. Kh1 Kh8 40. Kg2 Rg7 41. Kf1 Be7 42. e5 fxe5 43. fxe5 Bxh4 44. e6 Rf8 45. Kg2 h5 46. Kh3 Rxf3+ 47. Kxh4 hxg4 48. Rh1 Re3 49. Rxe3 dxe3 50. Kg3+ Kg8 51. Re1 Re7 52. Rxe3 Kg7 53. Kxg4 Kf6 54. Kf4 Rxe6 55. Rxe6+ Kxe6 56. Ke4 Kf7 57. Kd5 Ke7 58. d4 cxd4 59. Kxd4 Kd7 60. Kd5 Kc7 61. c5 dxc5 62. Kxc5 Kb7 63. Kb5 Kc7 64. Kxa5 Kb7 65. Kxb4 Kc6 1-0

[Event "CAN-ch U10 Girls"]
[Site "Vancouver"]
[Date "2012.07.05"]
[Round "6"]
[White "Tao, Ellen"]
[Black "Lemieux, Gabrielle"]
[Result "1-0"]
[WhiteElo "748"]
[BlackElo "579"]
[PlyCount "47"]
[EventDate "2012.07.03"]
[EventType "swiss"]
[EventRounds "7"]
[EventCountry "CAN"]
[SourceTitle "EXT 2022"]
[Source "ChessBase"]
[SourceDate "2021.10.06"]
[SourceVersion "1"]
[SourceVersionDate "2021.10.06"]
[SourceQuality "1"]

1. e4 e5 2. Nf3 Nc6 3. Bc4 Nf6 4. Nc3 d6 5. h3 Be6 6. Bb3 Bxb3 7. axb3 Nd4 8. Nxd4 exd4 9. Nd5 Nxe4 10. Qe2 f5 11. d3 Be7 12. dxe4 fxe4 13. Qxe4 0-0 14. Nxe7+ Kh8 15. Bg5 h6 16. Ng6+ Kg8 17. Bxd8 Rfxd8 18. Ne7+ Kf7 19. 0-0 Re8 20. Rfe1 Rxe7 21. Qxe7+ Kg8 22. Re4 c5 23. Rg4 Rf8 24. Qxg7# 1-0

[Event "CAN-ch U10 Girls"]
[Site "Vancouver"]
[Date "2012.07.04"]
[Round "4"]
[White "Seyfi, Agata"]
[Black "Tao, Ellen"]
[Result "0-1"]
[WhiteElo "636"]
[BlackElo "748"]
[PlyCount "75"]
[EventDate "2012.07.03"]
[EventType "swiss"]
[EventRounds "7"]
[EventCountry "CAN"]
[SourceTitle "EXT 2022"]
[Source "ChessBase"]
[SourceDate "2021.10.06"]
[SourceVersion "1"]
[SourceVersionDate "2021.10.06"]
[SourceQuality "1"]

1. c4 e5 2. Nf3 e4 3. Ng5 Qxg5 4. d3 Qe7 5. Bf4 d6 6. Nc3 Nf6 7. Bg5 h6 8. Bxf6 Qxf6 9. Nb5 Qd8 10. Qa4 Bd7 11. g4 a6 12. 0-0-0 Bc6 13. dxe4 Nd7 14. Qa5 axb5 15. Qd2 Bxe4 16. Qe3 Nf6 17. f3 Qe7 18. fxe4 Qxe4 19. Qxe4+ Nxe4 20. Rd4 Nf2 21. Rg1 bxc4 22. Rxc4 Nxg4 23. Rcxg4 d5 24. Rd4 c6 25. e4 Bc5 26. Rg4 Bxd4 27. exd5 Be3+ 28. Kd1 cxd5 29. Bg2 0-0 30. Bxd5 Rfd8 31. Ke2 Rxd5 32. Kxe3 Re8+ 33. Re4 Rxe4+ 34. Kxe4 Rd2 35. Ke3 Rxb2 36. Kd4 Rxa2 37. Kc4 Rxh2 38. Kd4 0-1

[Event "CAN-ch U10 Girls"]
[Site "Vancouver"]
[Date "2012.07.03"]
[Round "1"]
[White "Kaneshalingam, Mathanhe"]
[Black "Tao, Ellen"]
[Result "1-0"]
[WhiteElo "1157"]
[BlackElo "748"]
[PlyCount "85"]
[EventDate "2012.07.03"]
[EventType "swiss"]
[EventRounds "7"]
[EventCountry "CAN"]
[SourceTitle "EXT 2022"]
[Source "ChessBase"]
[SourceDate "2021.10.06"]
[SourceVersion "1"]
[SourceVersionDate "2021.10.06"]
[SourceQuality "1"]

1. d4 d5 2. c4 dxc4 3. Nc3 Nf6 4. e4 Nc6 5. Nf3 Bg4 6. Be3 e6 7. a3 Be7 8. Bxc4 0-0 9. Bb3 Re8 10. Bc2 h6 11. e5 Nh7 12. Qd3 Bf5 13. Qd2 Bxc2 14. Qxc2 Bg5 15. Rd1 Bxe3 16. fxe3 Ng5 17. 0-0 Nxf3+ 18. Rxf3 Qe7 19. Rdf1 Rf8 20. Qf2 Nd8 21. Rg3 f5 22. exf6 Qd7 23. Qc2 Qf7 24. Rxg7+ Qxg7 25. fxg7 Rxf1+ 26. Kxf1 Kxg7 27. Qe4 Kf7 28. Qf4+ Ke7 29. Qxc7+ Ke8 30. Qh7 Kf8 31. Qxh6+ Ke7 32. Nb5 Rc8 33. Qh7+ Ke8 34. Nd6+ Kf8 35. Nxc8 Nc6 36. Qxb7 Na5 37. Qe7+ Kg8 38. Qxe6+ Kf8 39. Qe7+ Kg8 40. h4 Kh8 41. h5 Kg8 42. h6 Kh8 43. Qg7# 1-0

[Event "Guelph Winter Pro-Am U1600"]
[Site "Guelph"]
[Date "2012.02.12"]
[Round "4"]
[White "Kaneshalingam, Mathanhe"]
[Black "Tao, Ellen"]
[Result "1/2-1/2"]
[WhiteElo "993"]
[BlackElo "1260"]
[PlyCount "54"]
[EventDate "2012.02.10"]
[EventType "swiss"]
[EventRounds "5"]
[EventCountry "CAN"]
[SourceTitle "EXT 2022"]
[Source "ChessBase"]
[SourceDate "2021.10.06"]
[SourceVersion "1"]
[SourceVersionDate "2021.10.06"]
[SourceQuality "1"]

1. d4 d5 2. c4 dxc4 3. e4 Nf6 4. Nc3 e6 5. Nf3 Bb4 6. Qc2 Bxc3+ 7. bxc3 b5 8. Be2 0-0 9. e5 Nd5 10. Ng5 g6 11. 0-0 h6 12. Nf3 g5 13. h3 Nc6 14. Ba3 Nce7 15. Bxe7 Qxe7 16. Nh2 Nf4 17. Ng4 f5 18. exf6 Qh7 19. Qxh7+ Kxh7 20. Bf3 Rb8 21. Be4+ Kh8 22. Rfe1 h5 23. Ne5 Rxf6 24. Nc6 Rb7 25. Ne7 Rb8 26. Nc6 Rb7 27. Ne7 Rb8 1/2-1/2

[Event "CAN-ch U10 Girls"]
[Site "Richmond Hill"]
[Date "2011.07.06"]
[Round "1"]
[White "Tao, Ellen"]
[Black "Boucher, Katrine"]
[Result "1-0"]
[WhiteElo "601"]
[BlackElo "956"]
[PlyCount "36"]
[EventDate "2011.07.06"]
[EventType "swiss"]
[EventRounds "7"]
[EventCountry "CAN"]
[SourceTitle "EXT 2022"]
[Source "ChessBase"]
[SourceDate "2021.10.06"]
[SourceVersion "1"]
[SourceVersionDate "2021.10.06"]
[SourceQuality "1"]

1. d4 d5 2. Nc3 c6 3. Qd3 Bh3 4. Nxh3 b6 5. f4 Qc8 6. f5 Na6 7. a3 c5 8. dxc5 Nxc5 9. Qxd5 a6 10. b4 Nb7 11. Na4 Nc5 12. bxc5 bxc5 13. Nb6 Qd8 14. Qxd8+ Rxd8 15. Na4 Rd4 16. f6 c4 17. Nc3 Nxf6 18. Nd5 h5 1-0

[Event "CAN-ch U08 Girls"]
[Site "Windsor"]
[Date "2010.07.08"]
[Round "6"]
[White "Gao, Catherine"]
[Black "Tao, Ellen"]
[Result "1-0"]
[WhiteElo "956"]
[BlackElo "605"]
[PlyCount "49"]
[EventDate "2010.07.06"]
[EventType "swiss"]
[EventRounds "7"]
[EventCountry "CAN"]
[SourceTitle "EXT 2012"]
[Source "ChessBase"]
[SourceDate "2011.11.24"]
[SourceVersion "1"]
[SourceVersionDate "2011.11.24"]
[SourceQuality "1"]

1. e4 e5 2. Nf3 Nc6 3. Bb5 Nf6 4. Nc3 Bb4 5. Bxc6 dxc6 6. Nxe5 Bc5 7. 0-0 0-0 8. d3 Bd4 9. Nf3 Bxc3 10. bxc3 Qd6 11. Nd4 Ng4 12. g3 Qg6 13. Bf4 Qh5 14. Nf3 Bd7 15. Bxc7 Rac8 16. Bd6 Rfe8 17. c4 b6 18. Ba3 Re5 19. Bb2 Re6 20. Qd2 f6 21. Rfe1 f5 22. Qc3 Re7 23. exf5 Rxe1+ 24. Rxe1 Kf8 25. Qxg7# 1-0